000 00346nam a2200133Ia 4500
005 20260328101528.0
008 260328s9999||||xx |||||||||||||| ||und||
100 _aBraghieri, Gianni
245 0 _aAldo Rossi :
_b a cura di Gianni Braghieri /
_cGianni Braghieri
260 _bGustavo Gili
300 _a208 p.
650 _aARQUITECTOS
942 _cBK
999 _c9882
_d9882